Responses for Show #4228 - Wednesday, January 8, 2003

2003 Holiday Kids Week game 3.

Contestants

[<< previous game]

Ian Manka, a twelve-year-old seventh-grader from Tallmadge, Ohio

Nina Garcia, a twelve-year-old seventh grader from Burke, Virginia

Jacob Collins, a twelve-year-old seventh-grader from Charlotte, North Carolina

[next game >>]

Jeopardy! Round responses

THE AMERICAN FLAG
SPORTING GOODS
SCIENCE
MUSICAL INSTRUMENTS
3-LETTER WORDS
HAPPY ENDINGS
    $200 23
50

Ian
    $200 11
tees

Ian
    $200 18
helium

Ian
    $200 1
pedals

Ian
    $200 6
den

Nina
    $200 16
Cinderella

Nina
    $400 24
colonies

Ian
    $400 12
poles

Ian
    $400 19
(Jacob: What is, um, the nationality?)

the species

JacobNina
    $400 2
strings

Ian
    $400 7
a doe

Ian
    $400 17
(Jacob: What is a pirate ship?)
...
(Alex: Forgea was [*] left alone. Yeah. Nina, pick again.)

a dog

Jacob
Triple Stumper
    $600 25
(Alex: Half-[*] or half-[*], correct.)

staff (or mast)

Nina
    $600 13
the catcher

Jacob
    $600 20
a lever

Nina
    $600 3
a recorder

Ian
    $600 8
(Jacob: What is a buck?)

an elk

JacobNina
    $1,000 22
(Alex: You can see that Ian has $1,400 more than you, which means that if you--you have enough money to take the lead away from him.)
(Nina: Uh, I'll wager $1,000, please.)
(Alex: $1,000? That'll put you close. Here is the clue in HAPPY ENDINGS.)
...
(Alex: That's right. Thought you might get that one.)

The Princess Diaries

Nina
    $800 27
1777

Ian
    $800 14
a soccer ball

Jacob
    $800 21
a comet

Nina
    $800 4
the bass

Jacob
    $800 9
a fax

Ian
    $1000 28
[The end-of-round signal sounds.]
(Alex: Oh, that's it.)

a triangle

Ian
    $1000 15
a hockey stick

Jacob
    $1000 26
(Jacob: What is, um... uh...)
(Alex: Oh, sorry.)

repel

JacobIan
    $1000 5
the tambourine

Ian
    $1000 10
(Alex: I'm sure you've heard of [*] and vigor? Maybe not. [Laughter] Ian, you select.)

vim

Triple Stumper

Scores at the first commercial break (after clue 15):

Jacob Nina Ian
$2,600 $800 $4,000

Scores at the end of the Jeopardy! Round:

Jacob Nina Ian
$800 $4,400 $7,600

Double Jeopardy! Round responses

HISTORIC DATES
ZOOG DISNEY CHANNEL
SOUTH OF THE U.S.
BALLET
THAT'S A LOAD OF GARBAGE
"P" ENDINGS
    $400 1
Anne Frank

Nina
    $400 2
(Jacob: What is a mermaid?)
...
(Alex: No, he discovers he's [*]. Nina, you go again.)

a leprechaun

Jacob
Triple Stumper
    $400 4
Capricorn

Ian
    $400 16
Sleeping Beauty

Nina
    $400 24
Sesame Street

Ian
    $400 19
to weep

Jacob
    $800 12
(Abraham) Lincoln

Ian
    $800 8
(Jacob: What is The Zack Files?)
...
(Alex: No. Nina or Ian? The show is [*]. Jacob, back to you.)

So Weird

Jacob
Triple Stumper
    $800 3
(Jacob: What is the, um, Atlantic Ocean?)
...
(Alex: Correct response--"What is [*]?" Nina, go again.)

the Caribbean

Jacob
Triple Stumper
    $800 17
Canada

Nina
    $800 25
"garbage out"

Nina
    $800 20
jump

Ian
    $1200 13
(Alexander Graham) Bell

Jacob
    $1200 9
(Alex: And that would be [*]. Jacob, go again.)

Even Stevens

Triple Stumper
    $1200 5
the Andes

Ian
    $2,000 18
(Alex: One of the two Daily Doubles in this round of play, and you trail Ian by $2,000.)
(Nina: I'll wager $2,000.)
(Alex: For a tie for the lead, then, if you are correct. Here is the clue...)
...
(Nina: What is The Swan Princess?)
(Alex: [Exhales loudly])
(Nina: Or Swan Lake. What is Swan Lake?)
(Alex: Well, we were going for the birds, but you said "[*]" twice, so I guess you're thinking of [*], and we're giving it to you. [Applause] You're tied with Ian for the lead.)

swans

Nina
    $1200 26
Athens

Nina
    $1200 21
[laughter]

dip

Jacob
    $1600 14
World War I

Ian
    $1600 10
(Alex: And that would be [*], yes. Jacob.)

The Famous Jett Jackson

Triple Stumper
    $1600 6
(the Land of) Fire

Nina
    $1600 27
Frankenstein

Nina
    $3,000 29
(Alex: You have $10,000 more than Ian.)
(Nina: I'll wager $3,000.)
(Alex: $3,000 it is. Here is the clue in THAT'S A LOAD OF GARBAGE.)
...
(Alex: Yes. [*] is right.)

the United States of America (U.S.A.)

Nina
    $1600 22
...
(Alex: That ends in a "P.")

soap

Nina
    $2000 15
the Spanish Armada

Nina
    $2000 11
Lizzie McGuire

Jacob
    $2000 7
Costa Rica

Jacob
    $2000 28
(Ian: Who is Liszt?)

Brahms

NinaIan
    $2000 30
recycle

Ian
    $2000 23
(Ian: [Sighs] What is picture?)

bitmap

Ian
Triple Stumper

Scores at the end of the Double Jeopardy! Round:

Jacob Nina Ian
$5,600 $21,800 $10,800
(lock game)

[wagering suggestions for these scores]

Final Jeopardy! Round responses

U.S. PRESIDENTS
JacobWho is John Quincy Adams?
$5,577
IanWho is Feddy Roosevelt?
$401
NinaWho was John Quincy Adams?
$199
John Quincy Adams

Final scores:

Jacob Nina Ian
$11,177 $21,999 $10,399
2nd place: $2,000 + an HP Media Center computer package Winner: $21,999 + an HP Media Center computer package 3rd place: $1,000 + an HP Media Center computer package

Game dynamics:

Coryat scores:

Jacob Nina Ian
$5,600 $19,200 $10,800
9 R,
7 W
20 R
(including 3 DDs),
0 W
21 R,
2 W

Combined Coryat: $35,600

[game clues] [game scores] [suggest correction]

Game tape date: 2002-11-08
The J! Archive is created by fans, for fans. Scraping, republication, monetization, and malicious use prohibited; this site may use cookies and collect identifying information. See terms. The Jeopardy! game show and all elements thereof, including but not limited to copyright and trademark thereto, are the property of Jeopardy Productions, Inc. and are protected under law. This website is not affiliated with, sponsored by, or operated by Jeopardy Productions, Inc. Join the discussion at JBoard.tv.